Statistics for Coaches of the Sydney Swans

Click here to take the quiz!

General Stats

  • This quiz has been taken 26 times
  • The average score is 10 of 44

Answer Stats

YearsCoach% Correct
2011-John Longmire
100%
2002-2010Paul Roos
100%
1993-1995Ron Barassi
82%
1965-1966Bob Skilton
68%
1996-2002Rodney Eade
64%
1969-1972Norm Smith
59%
1973-1975Graeme John
50%
1982-1984Ricky Quade
50%
1976-1981Ian Stewart
45%
1992-1993Gary Buckenara
41%
1986-1988Tom Hafey
41%
1985John Northey
32%
1939-1957Herbie Matthews
23%
1935Brighton Diggins
18%
1922-1938Roy Cazaly
18%
1984Bob Hammond
14%
1993Brett Scott
14%
1989-1991Col Kinnear
14%
1913Harvey Kelly
14%
1941-1944Joe Kelly
14%
1967-1968Allan Miller
9%
1945-1948Bill Adams
9%
1910-1911Bill Thomas
9%
1950-1952Gordon Lane
9%
1940Jack Baggott
9%
1948-1949Jack Hale
9%
1929Jim Caldwell
9%
1953Laurie Nash
9%
1930-1931Paddy Scanlan
9%
1951-1959Ron Glegg
9%
1984Tony Franklin
9%
1920Arthur Hiskins
5%
1921Artie Wood
5%
1918-1919Bert Howson
5%
1960-1961Bill Faul
5%
1923-1928Charles Pannam
5%
1909-1912Charlie Ricketts
5%
1978Des Tuddenham
5%
1929Fred Fleiter
5%
1933-1936Jack Bisset
5%
1932-1943Johnny Leonard
5%
1962-1964Noel McMahon
5%
1965Tommy Lahiff
5%
1914-1917Vic Belcher
5%

Score Distribution

Percentile by Number Answered

Percent of People with Each Score

Your Score History

You have not taken this quiz